| 000 | 00752nam a2200229 4500 | ||
|---|---|---|---|
| 001 | 131875 | ||
| 003 | ES-MaACL | ||
| 005 | 20230906194049.0 | ||
| 007 | t| | ||
| 008 | 070214s1946 ag r ||||1| spa d | ||
| 100 | 1 |
_aRogers, J. Speed. _998945 |
|
| 245 | 1 | 3 |
_aEl hombre y el mundo biológico / _cJ. Speed Rogers, Theodore H. Hubbell, C. Francis Byers ; traducción de Rodolfo Muratorio. |
| 260 |
_aBuenos Aires : _bHachette, _c1946. |
||
| 300 |
_aXIII, 742 p. : _bil. ; _c23 cm. |
||
| 490 | 1 | _aColección saber | |
| 700 | 1 |
_aHubbell, Theodore H. _964479 |
|
| 700 | 1 |
_aByers, C. Francis. _933011 |
|
| 700 | 1 |
_aMuratorio, Rodolfo. _984546 |
|
| 830 | 0 |
_aColección saber _9219616 |
|
| 852 |
_aES-MaACL _jC-4486 _bR.25042 |
||
| 999 |
_c131875 _d131875 |
||